[Event "GER-chT School WK 3"]
[Site "Playchess.com INT"]
[Date "2020.06.15"]
[Round "3.3"]
[White "Jannsen, Mattis"]
[Black "Bordag, Jonathan"]
[Result "1-0"]
[WhiteElo "1541"]
[BlackElo "1734"]
[PlyCount "113"]
[EventDate "2020.06.15"]
[EventType "team-swiss (blitz)"]
[EventRounds "5"]
[EventCountry "GER"]
[SourceTitle "EXT 2021"]
[Source "ChessBase"]
[SourceDate "2020.10.23"]
[SourceVersion "1"]
[SourceVersionDate "2020.10.23"]
[SourceQuality "1"]
[WhiteTeam "Luebeck Johanneum"]
[BlackTeam "Leipzig Ostwald Gymn"]
[WhiteTeamCountry "GER"]
[BlackTeamCountry "GER"]

1. e4 e5 2. Nf3 Nc6 3. Bc4 Bc5 4. d3 d6 5. Nc3 Nf6 6. Be3 Be6 7. Bxe6 fxe6 8. Qd2 h6 9. Bxc5 dxc5 10. 0-0-0 Nd4 11. Rhg1 g5 12. Ne2 a6 13. Nfxd4 exd4 14. f4 Rg8 15. fxg5 hxg5 16. Ng3 Qd7 17. Rdf1 Ng4 18. h3 Ne5 19. Nh5 0-0-0 20. Nf6 Qa4 21. Nxg8 Rxg8 22. Kb1 c4 23. dxc4 Nxc4 24. Qc1 Qb5 25. b3 Ne3 26. Rf6 e5 27. g4 Qe2 28. Re1 Qb5 29. c3 Ng2 30. Rd1 dxc3 31. Qxc3 Kb8 32. Rf7 Qb6 33. Rc1 c6 34. Qxe5+ Ka7 35. Qc5 Qxc5 36. Rxc5 Ne3 37. Kc1 Rd8 38. Rf3 Nd1 39. Rc2 Rd4 40. Rd2 Rxe4 41. Kxd1 b5 42. Kc2 Kb6 43. Kd3 Re6 44. Kc3 a5 45. b4 axb4+ 46. Kxb4 Re4+ 47. Kb3 c5 48. Rd6+ Ka5 49. Rf2 Re3+ 50. Kc2 Rxh3 51. Rd5 Kb4 52. Rxg5 Rc3+ 53. Kb2 c4 54. Rff5 Rd3 55. Rxb5+ Ka4 56. Ra5+ Kb4 57. Rgb5# 1-0